[Event "KO King's Gambit <1800"]
[Site "SchemingMind.com"]
[Date "2007.04.22"]
[Round "-"]
[White "mart_r3000"]
[Black "Gilligan"]
[Result "0-1"]
[WhiteCountry "ENG"]
[BlackCountry "USA"]
[WhiteElo "1335"]
[WhiteRD "54"]
[BlackElo "1626"]
[BlackRD "74"]
[GameID "102043"]

1. e4 e5 2. f4 exf4 3. Nf3 g5 4. Bc4 Bg7 5. O-O g4 6. Ne1 Bd4+ 7. Kh1 f3 8. gxf3 g3 9. h3 Qh4 10. Kg2 d5
11. f4 Bxh3+ 12. Kf3 Qg4#
0-1

[Event "KO King's Gambit <1800"]
[Site "SchemingMind.com"]
[Date "2007.04.22"]
[Round "-"]
[White "Gilligan"]
[Black "mart_r3000"]
[Result "1-0"]
[WhiteCountry "USA"]
[BlackCountry "ENG"]
[WhiteElo "1626"]
[WhiteRD "74"]
[BlackElo "1335"]
[BlackRD "54"]
[GameID "102050"]

1. e4 e5 2. f4 Nc6 3. Nf3 d6 4. Be2 Nf6 5. d3 Be6 6. f5 Bd7 7. O-O d5 8. Bg5 h6 9. Bh4 d4 10. c3 Bd6
11. Nbd2 O-O 12. Rc1 Qe8 13. Bxf6 g6 14. Ng5 hxg5 15. Bxg5 Kh7 16. Qe1 Kg7 17. Qh4 Rh8 18. Bf6+
1-0

[Event "KO King's Gambit <1800"]
[Site "SchemingMind.com"]
[Date "2007.04.23"]
[Round "-"]
[White "langhab"]
[Black "Troglodyte"]
[Result "0-1"]
[WhiteCountry "PHI"]
[BlackCountry "USA"]
[WhiteElo "1690"]
[WhiteRD "97"]
[BlackElo "2018"]
[BlackRD "80"]
[GameID "102134"]

1. e4 e5 2. f4 exf4 3. Nf3 g5 4. Nc3 g4 5. Ne5 Qh4+ 6. g3 fxg3 7. Qxg4 g2+ 8. Qxh4 gxh1=Q 9. Qh5 Be7 10. Nxf7 Bh4+
11. Qxh4 Kxf7 12. Qf2+ Ke8 13. d4 d6 14. Qg3 Ne7 15. Bh6 Rg8 16. Qh4 Qf3 17. Kd2 Be6 18. Be2 Rg2 19. Re1 Bc4 20. e5 dxe5
21. dxe5 Bxe2 22. Rxe2 Nbc6 23. Be3 Rd8+
0-1

[Event "KO King's Gambit <1800"]
[Site "SchemingMind.com"]
[Date "2007.04.23"]
[Round "-"]
[White "Troglodyte"]
[Black "langhab"]
[Result "1-0"]
[WhiteCountry "USA"]
[BlackCountry "PHI"]
[WhiteElo "2018"]
[WhiteRD "80"]
[BlackElo "1690"]
[BlackRD "97"]
[GameID "102140"]

1. e4 e5 2. f4 Nc6 3. Nc3 Bc5 4. Nf3 d6 5. Na4 Bb6 6. Bb5 Bg4 7. Nxb6 axb6 8. O-O Ne7 9. fxe5 dxe5 10. c3 O-O
11. d3 f6 12. Be3 Ng6 13. d4 exd4 14. cxd4 Qe7 15. Qc2 Qb4 16. Bxc6 bxc6 17. Qxc6 Bxf3 18. gxf3 Qxb2 19. Qc4+ Kh8 20. a4 Nh4
21. Ra2 b5 22. Rxb2 bxc4 23. Rb4
1-0

[Event "KO King's Gambit <1800"]
[Site "SchemingMind.com"]
[Date "2007.04.30"]
[Round "-"]
[White "jtrochez1"]
[Black "erikbrynolfson"]
[Result "0-1"]
[WhiteCountry "HON"]
[BlackCountry "USA"]
[WhiteElo "1559"]
[WhiteRD "45"]
[BlackElo "1733"]
[BlackRD "60"]
[GameID "103016"]

1. e4 e5 2. f4 exf4 3. d4 g5 4. Bc4 d6 5. Nf3 Bg4 6. h3 Bxf3 7. Qxf3 Nc6 8. c3 Nf6 9. d5 Ne5 10. Qf1 Nxe4
11. Be2 Ng3 12. Qg1 Qe7 13. Nd2 Nxh1 14. Qxh1 Nd3+ 15. Kd1 Nf2+
0-1

[Event "KO King's Gambit <1800"]
[Site "SchemingMind.com"]
[Date "2007.05.01"]
[Round "-"]
[White "erikbrynolfson"]
[Black "jtrochez1"]
[Result "1-0"]
[WhiteCountry "USA"]
[BlackCountry "HON"]
[WhiteElo "1733"]
[WhiteRD "60"]
[BlackElo "1559"]
[BlackRD "45"]
[GameID "103027"]

1. e4 e5 2. f4 exf4 3. Nf3 d6 4. d4 Nf6 5. Bd3 Bg4 6. Bxf4 Be7 7. Nc3 c6 8. h3 Bh5 9. Qe2 h6 10. O-O-O Nbd7
11. e5 dxe5 12. dxe5 Nd5 13. Nxd5 cxd5 14. e6 fxe6 15. Qxe6 Bf7 16. Qe1 O-O 17. Ne5 Nxe5 18. Bxe5 Rc8 19. Rf1 Bg5+ 20. Kb1 Bh4
21. Qe2 a6 22. Qg4 Qg5 23. Qf5 Qxf5 24. Bxf5 Rce8 25. Bc3 g6 26. Bd3 Be7 27. g4 Bd6 28. h4 b5 29. h5 g5 30. Rf6 Be5
31. Rxa6 Bxc3 32. bxc3 Kg7 33. Bxb5 Rd8 34. Bd3 Be8 35. Rf1 Rxf1+ 36. Bxf1 Rb8+ 37. Kc1 Bb5 38. Bxb5 Rxb5 39. a4 Rc5 40. Rg6+ Kh7
41. Kb2 Rc4 42. a5 Rxg4 43. a6 Ra4 44. Kb3 Ra1 45. Kb4 Ra2 46. Kc5 Rxc2 47. Kb6 Rxc3 48. a7 Ra3 49. Kb7 d4 50. a8=Q Rxa8
51. Kxa8 d3 52. Rd6 Kg7 53. Rxd3 Kf6 54. Rd6+ Kf5 55. Rxh6 g4 56. Rg6 Kf4 57. h6
1-0

[Event "KO King's Gambit <1800"]
[Site "SchemingMind.com"]
[Date "2007.05.06"]
[Round "-"]
[White "Games Freak"]
[Black "kifosi"]
[Result "0-1"]
[WhiteCountry "AUS"]
[BlackCountry "DEN"]
[WhiteElo "1177"]
[WhiteRD "78"]
[BlackElo "1887"]
[BlackRD "67"]
[GameID "103834"]

1. e4 e5 2. f4 d5 3. Bd3 dxe4 4. Bxe4 Nf6 5. d3 Nxe4 6. dxe4 Qxd1+ 7. Kxd1 Bg4+ 8. Ne2 Nc6 9. h3 O-O-O+ 10. Bd2 Bb4
11. c3 Bxe2+ 12. Kxe2 Bc5 13. b4 Bd6 14. g3 Rhe8 15. f5 f6 16. b5 Na5 17. g4 Bc5 18. g5 Nc4 19. a3 Re7 20. gxf6 gxf6
21. h4 Red7 22. Rd1 Nd6 23. a4 Nxe4 24. Ra2 Ng3+ 25. Kf3 Nxf5 26. h5 Rd3+ 27. Ke4 Ng3#
0-1

[Event "KO King's Gambit <1800"]
[Site "SchemingMind.com"]
[Date "2007.05.05"]
[Round "-"]
[White "kifosi"]
[Black "Games Freak"]
[Result "1-0"]
[WhiteCountry "DEN"]
[BlackCountry "AUS"]
[WhiteElo "1887"]
[WhiteRD "67"]
[BlackElo "1177"]
[BlackRD "78"]
[GameID "103839"]

1. e4 e5 2. f4 Nc6 3. Nf3 d6 4. Bc4 Nh6 5. d3 f5 6. Nc3 Be7 7. O-O a6 8. fxe5 dxe5 9. Bxh6 gxh6 10. Qd2 h5
11. Rae1 f4 12. Nd5 b5 13. Bb3 a5 14. a4 b4 15. Nxe7 Qxe7 16. Bd5 Ra6 17. d4 exd4 18. Nxd4 Nxd4 19. Qxd4 h4 20. Qxh8+ Kd7
21. Rxf4 c6 22. Rf7 Ra7 23. Rxe7+ Kxe7 24. Qxh7+ Kd6 25. Qxa7 cxd5 26. exd5 Kxd5 27. Qa8+ Bb7 28. Qxb7+ Kc4 29. Qc6+ Kd4 30. Re4#
1-0

[Event "KO King's Gambit <1800"]
[Site "SchemingMind.com"]
[Date "2007.05.06"]
[Round "-"]
[White "rampichino"]
[Black "martin_"]
[Result "1-0"]
[WhiteCountry "ITA"]
[BlackCountry "GER"]
[WhiteElo "1522"]
[WhiteRD "67"]
[BlackElo "1442"]
[BlackRD "61"]
[GameID "103962"]

1. e4 e5 2. f4 exf4 3. Bc4 Qh4+ 4. Ke2 Qg4+ 5. Nf3 Qxg2+ 6. Kd3 Nf6 7. Rg1 Qf2 8. Qf1 Qxf1+ 9. Rxf1 Bc5 10. Nc3 O-O
11. Ke2 Re8 12. d3 Nc6 13. Bxf4 Nd4+ 14. Nxd4 Bxd4 15. Kd2 d6 16. Rae1 Bg4 17. Be3 Bxe3+ 18. Rxe3
1-0

[Event "KO King's Gambit <1800"]
[Site "SchemingMind.com"]
[Date "2007.05.06"]
[Round "-"]
[White "martin_"]
[Black "rampichino"]
[Result "0-1"]
[WhiteCountry "GER"]
[BlackCountry "ITA"]
[WhiteElo "1442"]
[WhiteRD "61"]
[BlackElo "1522"]
[BlackRD "67"]
[GameID "103972"]

1. e4 e5 2. f4 exf4 3. Nf3 g5 4. h4 g4 5. Ng5 f6 6. Nf7 Kxf7 7. Bc4+ d5 8. Bxd5+ Be6 9. Bxe6+ Kxe6 10. Qxg4+ Ke7
11. Qxf4 Qd6 12. d3 h5 13. Nc3 Bh6 14. Qf5 c6 15. Bxh6 Rxh6 16. Qc8 Qg3+ 17. Kd2 Qf4+ 18. Ke2 Qg4+ 19. Ke3 Qxc8
0-1

[Event "KO King's Gambit <1800"]
[Site "SchemingMind.com"]
[Date "2007.05.22"]
[Round "-"]
[White "Count_Aleksander"]
[Black "jorge47"]
[Result "1-0"]
[WhiteCountry "USA"]
[BlackCountry "ARG"]
[WhiteElo "1850"]
[WhiteRD "95"]
[BlackElo "1458"]
[BlackRD "116"]
[GameID "106305"]

1. e4 e5 2. f4 d6 3. Nf3 Nc6 4. Bc4 Nf6 5. Ng5 d5 6. exd5 Nxd5 7. Nxf7 Kxf7 8. Qf3 Ne7 9. Nc3 exf4 10. Nxd5 Nxd5
11. Bxd5+ Be6 12. Bxb7 Rb8 13. Qxf4+ Qf6 14. Qxc7+ Be7 15. Rf1 Bf5 16. d3 Qe6+ 17. Be4 Rhc8 18. Qf4 Kg8 19. Qxf5 Qxf5 20. Rxf5 Rxc2
21. Rf2 Bb4+ 22. Kf1 Rf8 23. Bf3 Rfc8 24. Bd5+ Kh8 25. Rxc2 Rxc2 26. Bb3
1-0

[Event "KO King's Gambit <1800"]
[Site "SchemingMind.com"]
[Date "2007.05.22"]
[Round "-"]
[White "jorge47"]
[Black "Count_Aleksander"]
[Result "0-1"]
[WhiteCountry "ARG"]
[BlackCountry "USA"]
[WhiteElo "1458"]
[WhiteRD "116"]
[BlackElo "1850"]
[BlackRD "95"]
[GameID "106310"]

1. e4 e5 2. f4 d5 3. exd5 e4 4. Nc3 f5 5. d3 Nf6 6. dxe4 fxe4 7. Bb5+ Kf7 8. Qe2 a6 9. Bc4 Bd6 10. Bd2 Re8
11. h3 Nbd7 12. Be3 Kf8 13. g4 b5 14. Bb3 Nc5 15. a4 Nxb3 16. cxb3 b4 17. Na2 Nxd5 18. Qd2 Nxe3 19. Qxe3 Bb7 20. Rd1 Qh4+
21. Kf1 h5 22. g5 Bxf4 23. Qf2 Qxf2+ 24. Kxf2 e3+ 25. Ke2 Bxh1 26. h4 Rad8 27. Nxb4 Rd2+ 28. Ke1 Bg2 29. Ne2 Rxd1+
0-1

[Event "KO King's Gambit <1800"]
[Site "SchemingMind.com"]
[Date "2007.06.16"]
[Round "-"]
[White "David Hartley"]
[Black "Count_Aleksander"]
[Result "0-1"]
[WhiteCountry "ENG"]
[BlackCountry "USA"]
[WhiteElo "1880"]
[WhiteRD "81"]
[BlackElo "1912"]
[BlackRD "95"]
[GameID "109011"]

1. e4 e5 2. f4 exf4 3. Nf3 Be7 4. Bc4 Bh4+ 5. Kf1 d6 6. d4 Bg4 7. Bxf4 Qf6 8. Be3 Nc6 9. c3 Nge7 10. Be2 O-O
11. Bf2 Bxf2 12. Kxf2 Qf4 13. Nd2 d5 14. Qc2 Rad8 15. Rhf1 Rfe8 16. Kg1 Rd6 17. Qd3 Rh6 18. g3 Qd6 19. e5 Qd7 20. Nh4 Be6
21. Rf4 g5 22. Rf6 Rxf6 23. exf6 gxh4 24. fxe7 hxg3 25. Qxg3+ Kh8 26. Kh1 Rg8 27. Qe3 Qxe7 28. Re1 Qh4 29. Nf3 Qe4 30. Bd1 Bh3
31. Re2 Bg2+
0-1

[Event "KO King's Gambit <1800"]
[Site "SchemingMind.com"]
[Date "2007.06.17"]
[Round "-"]
[White "Count_Aleksander"]
[Black "David Hartley"]
[Result "1-0"]
[WhiteCountry "USA"]
[BlackCountry "ENG"]
[WhiteElo "1881"]
[WhiteRD "94"]
[BlackElo "1925"]
[BlackRD "80"]
[GameID "109015"]

1. e4 e5 2. f4 exf4 3. Nf3 d6 4. Bc4 h6 5. b3 Nf6 6. Qe2 Bg4 7. d4 Nh5 8. O-O g5 9. Nc3 Nc6 10. Qf2 Qd7
11. Bb2 O-O-O 12. d5 Nb4 13. Qxa7 c5 14. Nb5
1-0

[Event "KO King's Gambit <1800"]
[Site "SchemingMind.com"]
[Date "2007.07.11"]
[Round "-"]
[White "erikbrynolfson"]
[Black "rampichino"]
[Result "0-1"]
[WhiteCountry "USA"]
[BlackCountry "ITA"]
[WhiteElo "1773"]
[WhiteRD "67"]
[BlackElo "1587"]
[BlackRD "55"]
[GameID "112494"]

1. e4 e5 2. f4 exf4 3. Nf3 g5 4. Bc4 g4 5. Ne5 Qh4+ 6. Kf1 Nh6 7. d4 d6 8. Nd3 f3 9. gxf3 gxf3 10. Nf4 Bh3+
11. Nxh3 Qxh3+ 12. Ke1 Ng4 13. Bf4 Qg2 14. Rf1 f2+ 15. Kd2 Bg7 16. Bg3 Qxe4 17. Qe2 d5 18. Bd3 Bh6+ 19. Kc3 Qxe2 20. Bxe2 f5
21. Bxf2 Nd7 22. Bxg4 fxg4 23. Rg1 Rg8 24. Bh4 c5 25. Re1+ Kf8= 26. Be7+ Kf7 27. Bxc5 Nxc5 28. dxc5 Rge8 29. Rf1+ Kg6 30. Na3 Re3+
31. Kb4 a5+ 32. Kb5 Re4 33. c3 d4 34. cxd4 Rxd4 35. Kb6 Rb4+ 36. Kc7 Bf4+ 37. Rxf4 Rxf4 38. Kxb7 Raf8 39. c6 Rb4+ 40. Kc7 Rxb2
41. Nc4 Rxh2 42. Kb7 Rc2 43. Ne5+ Kg5 44. c7 h5 45. Rd1 Rxc7+ 46. Kxc7 Rf2 47. a3 g3 48. Rg1 h4 49. Nd3 Rf3 50. Ne1 Rxa3
51. Kb6 Kg4 52. Nc2 Ra2 53. Ne3+ Kf4 54. Nf1 a4 55. Kb5 a3 56. Kb4 Kf3 57. Kb3 Rg2 58. Rxg2 Kxg2 59. Ne3+ Kh1 60. Kxa3 g2
0-1

[Event "KO King's Gambit <1800"]
[Site "SchemingMind.com"]
[Date "2007.07.11"]
[Round "-"]
[White "rampichino"]
[Black "erikbrynolfson"]
[Result "1-0"]
[WhiteCountry "ITA"]
[BlackCountry "USA"]
[WhiteElo "1581"]
[WhiteRD "56"]
[BlackElo "1795"]
[BlackRD "65"]
[GameID "112500"]

1. e4 e5 2. f4 exf4 3. Nf3 g5 4. h4 g4 5. Ne5 Qe7 6. d4 d6 7. Nxg4 Qxe4+ 8. Qe2 Qxe2+ 9. Bxe2 Bg7 10. c3 Bxg4
11. Bxg4 Nf6 12. Bf3 Nc6 13. Bxf4 O-O-O 14. O-O Ne7 15. Nd2 Rhg8 16. Rae1 Ned5 17. Bg5 Rde8 18. Rxe8+ Rxe8 19. Bxd5 Nxd5 20. Rxf7 h6
21. Rxg7 hxg5 22. Rxg5 Nf4 23. Nf3 Re2 24. h5 Re6 25. Rg8+ Kd7 26. Rg7+ Kc6 27. g4 Rh6 28. Kf2 Nxh5 29. gxh5 Rxh5 30. Rg5 Rh1
31. Ne1 b6 32. Rg8 a5 33. Rc8 Rh2+ 34. Ng2 Rh1 35. Re8 Ra1 36. a3 Rb1 37. Re2 Kb5 38. Ne3 Ka4 39. Nd5 Kb3 40. Nxc7 Rxb2
41. Rxb2+ Kxb2 42. Nd5 Kxa3 43. Nxb6 Kb3 44. c4 a4 45. Nxa4 Kxa4 46. Ke3 Kb4 47. Kd3 Ka5 48. Ke4 Kb6 49. Kd5 Kc7 50. c5 dxc5
51. Kxc5 Kd7 52. Kd5
1-0

[Event "KO King's Gambit <1800"]
[Site "SchemingMind.com"]
[Date "2007.08.04"]
[Round "-"]
[White "bigfoot1"]
[Black "kifosi"]
[Result "1-0"]
[WhiteCountry "FRA"]
[BlackCountry "DEN"]
[WhiteElo "1796"]
[WhiteRD "96"]
[BlackElo "1805"]
[BlackRD "69"]
[GameID "114635"]

1. e4 e5 2. f4 d5 3. exd5 c6 4. Nc3 exf4 5. d4 Qh4+ 6. Kd2 Bb4 7. Nf3 Qe7 8. Qe2 Nf6 9. Qxe7+ Kxe7 10. Bd3 Nxd5
11. Re1+ Kf6 12. a3 Bxc3+ 13. bxc3 Bf5 14. a4 Nd7 15. Bb2 g5 16. c4 Ne3 17. d5+ Kg6 18. Bxh8 Rxh8 19. Bxf5+ Nxf5 20. Rab1 Nc5
21. Ne5+ Kf6 22. Nd3 Nxd3 23. cxd3 cxd5 24. Rxb7 dxc4 25. dxc4 Nd6 26. Rc7 Rd8 27. Kc3 a5 28. c5 Nf5 29. Rc6+ Kg7 30. Re5
1-0

[Event "KO King's Gambit <1800"]
[Site "SchemingMind.com"]
[Date "2007.08.04"]
[Round "-"]
[White "kifosi"]
[Black "bigfoot1"]
[Result "0-1"]
[WhiteCountry "DEN"]
[BlackCountry "FRA"]
[WhiteElo "1805"]
[WhiteRD "69"]
[BlackElo "1796"]
[BlackRD "96"]
[GameID "114638"]

1. e4 e5 2. f4 exf4 3. Nf3 g5 4. h4 g4 5. Ne5 d6 6. Nxg4 Be7 7. Bc4 Bxh4+ 8. Nf2 Qg5 9. Qe2 Nf6 10. Nc3 Bg4
11. Qf1 Nbd7 12. d4 O-O-O 13. Bxf4 Qxf4 14. Rxh4 Qg3 15. Rh1 Rde8 16. Kd2 Qf4+ 17. Kd3 d5 18. Nxd5 Nxd5 19. Bxd5 Qg3+ 20. Kd2 Qf4+
21. Kd3 Be6 22. Bxe6 fxe6 23. e5 Rd8 24. Kc3= Nb6 25. Rd1 Rhf8 26. Nh3 Qg3+
0-1

[Event "KO King's Gambit <1800"]
[Site "SchemingMind.com"]
[Date "2007.09.07"]
[Round "-"]
[White "Count_Aleksander"]
[Black "rampichino"]
[Result "1-0"]
[WhiteCountry "USA"]
[BlackCountry "ITA"]
[WhiteElo "1887"]
[WhiteRD "88"]
[BlackElo "1587"]
[BlackRD "55"]
[GameID "119629"]

1. e4 e5 2. f4 exf4 3. Nf3 g5 4. h4 g4 5. Ne5 Nf6 6. Nxg4 Nxg4 7. Qxg4 d6 8. Qxf4 h5 9. Bc4 Be6 10. Bxe6 fxe6
11. Rf1 Bh6 12. Qf7#
1-0

[Event "KO King's Gambit <1800"]
[Site "SchemingMind.com"]
[Date "2007.09.07"]
[Round "-"]
[White "rampichino"]
[Black "Count_Aleksander"]
[Result "0-1"]
[WhiteCountry "ITA"]
[BlackCountry "USA"]
[WhiteElo "1587"]
[WhiteRD "55"]
[BlackElo "1887"]
[BlackRD "88"]
[GameID "119634"]

1. e4 e5 2. f4 exf4 3. Nf3 Be7 4. Bc4 Nf6 5. d3 d5 6. exd5 Nxd5 7. O-O O-O 8. Bxd5 Qxd5 9. Bxf4 Bg4 10. Nbd2 g5
11. Bg3 Nd7 12. Bxc7 Qc5+
0-1

[Event "KO King's Gambit <1800"]
[Site "SchemingMind.com"]
[Date "2007.11.24"]
[Round "-"]
[White "bigfoot1"]
[Black "Gilligan"]
[Result "1-0"]
[WhiteCountry "FRA"]
[BlackCountry "USA"]
[WhiteElo "1839"]
[WhiteRD "87"]
[BlackElo "1618"]
[BlackRD "82"]
[GameID "129696"]

1. e4 e5 2. f4 exf4 3. Nf3 g5 4. Bc4 Bg7 5. O-O d6 6. c3 Nf6 7. Nxg5 Bg4 8. Bxf7+ Kf8 9. Qb3 h6 10. Ne6+ Bxe6
11. Bxe6 b6 12. d4 Nh5 13. Qd5
1-0

[Event "KO King's Gambit <1800"]
[Site "SchemingMind.com"]
[Date "2007.11.24"]
[Round "-"]
[White "Gilligan"]
[Black "bigfoot1"]
[Result "0-1"]
[WhiteCountry "USA"]
[BlackCountry "FRA"]
[WhiteElo "1618"]
[WhiteRD "82"]
[BlackElo "1839"]
[BlackRD "87"]
[GameID "129701"]

1. e4 e5 2. f4 exf4 3. Nf3 g5 4. Bc4 Bg7 5. O-O h6 6. d3 d6 7. c3 Ne7 8. Nbd2 Ng6 9. Qb3 O-O 10. d4 Nc6
11. Bd3 Nce7 12. Bc4 c6 13. d5 b5 14. Bd3 g4 15. Nh4 Nxh4 16. dxc6 Qb6+ 17. Kh1 a6 18. Rxf4 Qe3 19. Nf3 Qxd3 20. Nxh4 Be5
21. Rf2 Qxe4 22. Bxh6 Be6 23. Qd1 g3 24. Bxf8 Qxh4 25. h3 gxf2 26. Bxe7 Qg3
0-1

[Event "KO King's Gambit <1800"]
[Site "SchemingMind.com"]
[Date "2008.01.26"]
[Round "-"]
[White "bigfoot1"]
[Black "Count_Aleksander"]
[Result "1-0"]
[WhiteCountry "FRA"]
[BlackCountry "USA"]
[WhiteElo "1883"]
[WhiteRD "92"]
[BlackElo "1859"]
[BlackRD "91"]
[GameID "138865"]

1. e4 e5 2. f4 exf4 3. Nf3 Be7 4. Bc4 Bh4+ 5. g3 fxg3 6. O-O gxh2+ 7. Kh1 b5 8. Bxf7+ Kxf7 9. Nxh4+ Nf6 10. c3 Bb7
11. d3 d6 12. Bg5 Nd7 13. Nd2 Rf8 14. Qb3+ Ke8 15. Nf5 Rf7 16. Qxb5 Rb8 17. Qc4 Nb6 18. Nxg7+ Rxg7 19. Qe6+ Qe7 20. Qxe7+ Rxe7
21. Bxf6 Rf7 22. Bh4 Rg7 23. Kxh2 Kd7 24. a4 Rbg8 25. Rf2 Ba6 26. c4 c5 27. a5 Na8 28. Nf3 Nc7 29. Raf1 Ne6 30. Ne1 Nd4
31. Rf7+
1-0

[Event "KO King's Gambit <1800"]
[Site "SchemingMind.com"]
[Date "2008.01.26"]
[Round "-"]
[White "Count_Aleksander"]
[Black "bigfoot1"]
[Result "1-0"]
[WhiteCountry "USA"]
[BlackCountry "FRA"]
[WhiteElo "1920"]
[WhiteRD "90"]
[BlackElo "1860"]
[BlackRD "95"]
[GameID "138873"]

1. e4 e5 2. f4 exf4 3. Nf3 g5 4. h4 g4 5. Ne5 d6 6. Nxg4 Be7 7. d4 Bxh4+ 8. Nf2 Qg5 9. Qf3 Bg3 10. Be2 Nf6
11. Nc3 Ng4 12. Nd1 Nc6 13. c3 Nf6 14. Kd2 Rg8 15. Nh3 Qg6 16. Ndf2 Bxh3 17. Nxh3 Nxe4+ 18. Kd1 Ng5 19. Nxg5 Qxg5 20. Rxh7 O-O-O
21. Kc2 Rde8 22. Rh5 Rxe2+ 23. Qxe2 Qg6+ 24. Kd1 Kd7 25. Rh1 Re8 26. Qf3 Qf6 27. Bd2 Qf5 28. Rh5 Qe4 29. Qxe4 Rxe4 30. Rh1 Ne7
31. Be1 Nf5 32. Kd2 Re3 33. Rh3 Ke6 34. a4 a5 35. Rh8 Bxe1+ 36. Rxe1 Rxe1 37. Kxe1 b6 38. Ke2 Ne7 39. b4 axb4 40. cxb4 Nd5
41. Kf3 Nxb4 42. Kxf4 Nd5+ 43. Kf3 Nc3 44. Ra8 Nd5 45. Ke4 f5+ 46. Kf3 Nc3 47. a5 Nd5 48. a6 b5 49. Rb8
1-0